Informe final de la Conferencia Regional Latinoamericana y del Caribe sobre Población y Desarrollo
Este informe de la Conferencia Regional sobre Población y Desarrollo recoge el desenvolvimiento de la misma: la organización de los trabajos de la Conferencia, el resumen de los debates, las resoluciones, las recomendaciones tituladas "Concenso Latinoamericano y del Caribe sobre Población y Des...
Guardado en:
| Format: | Texto |
|---|---|
| Udgivet: |
Santiago:
CEPAL
|
| Fag: | |
| Tags: |
Tilføj Tag
Ingen Tags, Vær først til at tagge denne postø!
|
MARC
| LEADER | 00000 a a2200000 04500 | ||
|---|---|---|---|
| 001 | 3557 | ||
| 003 | |||
| 040 | |||
| 020 | |a [sin ISBN] | ||
| 022 | |a [sin ISBN] | ||
| 090 | |a 113600 | ||
| 245 | |a Informe final de la Conferencia Regional Latinoamericana y del Caribe sobre Población y Desarrollo | ||
| 260 | |a Santiago: |b CEPAL | ||
| 300 | |a 77 p | ||
| 520 | |a Este informe de la Conferencia Regional sobre Población y Desarrollo recoge el desenvolvimiento de la misma: la organización de los trabajos de la Conferencia, el resumen de los debates, las resoluciones, las recomendaciones tituladas "Concenso Latinoamericano y del Caribe sobre Población y Desarrollo", y 3 anexos con la lista de participantes, la lista de documentos y la redaccióin de una recomendación. En cuanto a los temas tratados en la reunión, alrededor del tema central de 'Población, equidad y transformación productiva', fueron: i.- Crecimiento y estructura de la población de América Latina y el Caribe: tendencias y consecuencias socio-económicas ii.- Crecimiento y distribución de la población: sus relaciones con el desarrollo y el medio ambiente iii.- La mujer y la dinámica de la población iv.- Políticas y programas de población v.- Planificación familiar, salud y bienestar de la familia vi.- Migración internacional vii.- Capacitación, producción de datos e investigación y, viii.- Cooperación internacional en materia de población. El documento contiene en total setenta y nueve recomendaciones. En cuanto a las resoluciones, destaca la que señala que los miembros y miembros asociados de la CEPAL, reunidos en esta conferencia, deciden promover la formulación de una plan de acción regional de población y desarrollo que contenga metas en este campo. MB/ALJ | ||
| 650 | |a POBLACION | ||
| 650 | |a EQUIDAD SOCIAL | ||
| 650 | |a TRANSFORMACION PRODUCTIVA | ||
| 650 | |a CRECIMIENTO DEMOGRAFICO | ||
| 650 | |a COMPOSICION DE LA POBLACION | ||
| 650 | |a CONSECUENCIAS ECONOMICAS | ||
| 650 | |a CONSECUENCIAS SOCIALES | ||
| 650 | |a DESARROLLO ECONOMICO Y SOCIAL | ||
| 650 | |a MEDIO AMBIENTE | ||
| 650 | |a MUJERES | ||
| 650 | |a DINAMICA DE LA POBLACION | ||
| 650 | |a POLITICA DE POB | ||
| 999 | |c 17338 |d 17338 | ||
